000
00241nam a2200097Ia 4500
005
20251222114414.0
008
251222s1900||||xx |||||||||||||| ||spa||
082
_a
DVD0060/C523T/2003/Ej.2
245
0
_a
Tiempos modernos:Modern Times
942
_c
DVD
999
_c
2162
_d
2162